000 00724nam a2200289Ia 4500
005 20260324142125.0
008 008 260324s9999 xx 000 0 eng d
020 _a9780203765814
037 _aEBOOK
040 _aCRL
040 _beng
040 _cCRL
041 _2eng
041 _aeng
084 _qCRL
100 _aGhazi Asaad
_91208976
245 0 _aUnderstanding Mental Disorders Due To Medical Conditions Or Substance Abuse
245 0 _bWhat Every Therapist Should Know
260 _bTaylor and Francis
260 _c1995
365 _a
365 _b160
856 _uhttp://www.taylorfrancis.com/books/9780203765814
942 _cEBOOK
999 _c1814608
_d1814608